LEADER 01023nam a2200229 u 4500 001 000000008124 003 CaOOAMICUS 005 20070226105047.0 008 941110s1931 it u000 u lat u 035 $a10209765 040 $aPUL(R)$bita 100 1 $aGuibert, Joseph François Marie de,$cS.I.,$d1877-1942.$0(OLS)http://pul/name/19898 245 10$aDocumenta ecclesiastica christianae perfectionis studium spectantia /$ccollegit Iosephus de Guibert. 260 $aRomae :$bUniversitas gregoriana,$c1931. 300 $axv, 562 p. ;$c22 cm 500 $aContiene indici. 650 4$aPerfezione$xTeologia$xCristianesimo.$0(OLS)http://pul/subject/7051 850 $aPUL 852 $aPUL$W1$xSL Religione 1$y3$m41 F 11$j11495$nBK-PRI$b $qStampati$B11495$CPULBib$Z2$F11495 $H $81 941 1 $a8 996 $6245$aDocumenta ecclesiastica christianae perfectionis studium spectantia$9(OLS)http://pul/title/11849 996 $6260$aRomae :$bUniversitas gregoriana$9(OLS)http://pul/publisher/51975 LEADER 01468nam a2200301 u 4500 001 000000056974 003 CaOOAMICUS 005 20070226120531.0 008 010424s2001 fr u000 u fre u 020 $a2204065641 035 $a10886470 040 $aIPA$bita 110 2 $aAssociation catholique française pour l'étude de la Bible.$bCongrès$n(18 :$d1999 :$cLione).$0(OLS)http://pul/name/79778 245 13$aLe judaïsme à l'aube de l'ère chrétienne :$bXVIIIe congrès de l'ACFEB (Lyon, septembre 1999) /$cpublié sous la direction de Philippe Abadie et Jean-Pierre Lémonon. 260 $aParis :$bCerf,$c2001. 300 $a412 p. ;$c22 cm 490 1 $aLectio divina ;$v186 500 $aIncludes bibliographical references and index. 650 0$aJudaism$xHistory$yTo 70 A.D.$2//eng$0(OLS)http://pul/subject/22814 700 1 $aLémonon, Jean-Pierre.$0(OLS)http://pul/name/24547 700 1 $aAbadie, Philippe.$0(OLS)http://pul/name/39886 830 0$aLectio divina ;$v186.$0(OLS)http://pul/title/3461 850 $aPUL 852 $aPUL$W1$xSL Religione 1$y3$m9 I $j74631$nBK-PRI$b $qStampati$B74631$CPULBib$Z2$F74631 $H $81 941 1 $a8 996 $6020$a2204065641$9(OLS)http://pul/number/71925 996 $6245$aLe judaïsme à l'aube de l'ère chrétienne :$bXVIIIe congrès de l'ACFEB (Lyon, septembre 1999)$9(OLS)http://pul/title/76236 996 $6260$aParis :$bCerf$9(OLS)http://pul/publisher/48238